Таас симэх (Запись № 9606836)

Подробности
000 -МАРКЕР
контрольное поле 01039nam0a2200253 4500
001 - ИДЕНТИФИКАТОР ЗАПИСИ
контрольное поле RU\NLR\BIBL_A\010671199
005 - ИДЕНТИФИКАТОР ВЕРСИИ
контрольное поле 20250614082844.0
035 ## - ДРУГИЕ СИСТЕМНЫЕ НОМЕРА
Идентификатор записи (NLR Aleph) 010671199
100 ## - ДАННЫЕ ОБЩЕЙ ОБРАБОТКИ
Данные общей обработки 20150212d1959 |||y0rusy50 ca
101 0# - ЯЗЫК РЕСУРСА
Язык текста, звукозаписи и т.д. якутский
102 ## - СТРАНА ПУБЛИКАЦИИ ИЛИ ПРОИЗВОДСТВА
Страна публикации Российская Федерация
105 ## - ПОЛЕ КОДИРОВАННЫХ ДАННЫХ: ТЕКСТОВЫЕ МАТЕРИАЛЫ, МОНОГРАФИЧЕСКИЕ
Кодированные данные о монографическом текстовом документе a z 000yy
200 1# - ЗАГЛАВИЕ И СВЕДЕНИЯ ОБ ОТВЕТСТВЕННОСТИ
Основное заглавие Таас симэх
Сведения, относящиеся к заглавию (хоһооннор, поэма)
Первые сведения об ответственности КонстантинТуйаарыскай
210 ## - ПУБЛИКАЦИЯ, РАСПРОСТРАНЕНИЕ И ДР.
Место издания, распространения и т.д. Якутскай
Имя издателя, распространителя и т. д. Саха сиринээҕи кинигэ изд-вота
Дата издания, распространения и т.д. 1959
215 ## - ФИЗИЧЕСКАЯ ХАРАКТЕРИСТИКА
Специфическое обозначение материала и объем 45,[1] с.
Другие сведения о физической характеристике ил.
Размеры 20
300 ## - ОБЩИЕ ПРИМЕЧАНИЯ
Текст примечания В вып. дан. авт.: Дьячковский Константин Николаевич (Туйарский)
541 1# - ПЕРЕВОД ЗАГЛАВИЯ, СДЕЛАННЫЙ КАТАЛОГИЗАТОРОМ
Заглавие Каменный узор
Сведения, относящиеся к заглавию сб. стихов и поэм
Язык заглавия русский
686 1# - ИНДЕКСЫ ДРУГИХ КЛАССИФИКАЦИЙ
Индекс Ш6(2=Я)7-5
700 #1 - ИМЯ ЛИЦА - ПЕРВИЧНАЯ ОТВЕТСТВЕННОСТЬ
Графика поля Кириллица
Материалы, к которым относится поле sah
Начальный элемент ввода Туйаарыскай
Часть имени, кроме начального элемента ввода К.
Дополнения к именам, кроме дат псевдоним
Даты 1915-1976
Расширение инициалов личного имени Константин
Системный номер авторитетной/нормативной записи 131356
Идентификатор авторитетной/нормативной записи RU\NLR\auth-onl\771301
852 ## - МЕСТОНАХОЖДЕНИЕ И ШИФР ХРАНЕНИЯ
Идентификатор организации NLR
Наименование фонда или коллекции (Sub-Location Identifier) ОНЛ
Шифр хранения (Call Number) Якут./2-1141
942 ## - ДОПОЛНИТЕЛЬНЫЕ ЭЛЕМЕНТЫ ЗАПИСИ (АБИС)
Тип экземпляра АБИС Книга
980 ## - КОЛЛЕКЦИЯ
Название коллекции Национальная библиография
Экземпляры
Тип экземпляра Дата поступления Библиотека постоянного хранения Библиотека текущего хранения Место хранения Шифр хранения Штрих-код Статус экземпляра
Книга 12.02.2015 РНБ (Московский) РНБ (Московский) Фонд национальных литератур ОНЛ Якут./2-1141 1-695631